00526nam a22001697a 450000500170000001000240001702000260004103500130006703700210008008200110010110000230011224500900013526000320022527000540025730000250031150000200033620181031131924.0 aB-710694  a9788129145611c495.00 aB-710694 bUppal Booksadpl a954.96 aRana, Sagar S.J.B. aSingha durbar : cby Sagar S.J.B. Rana brise and fall of the Rana Regime of Nepal /  aNew Delhi bRupa Pub.c2017 a7/16, Ansari Road, Daryaganj, bNew Delhie110002 axiv,426p.c23cm(pbk) aIncludes index